| 000 | 01774nam a22002537a 4500 | ||
|---|---|---|---|
| 003 | MN-UlLSGH | ||
| 005 | 20260626162623.0 | ||
| 008 | 260626b mp ||||| m||| 00| 0 mon d | ||
| 020 |
_a9789919049249 _qхатуу хавтастай |
||
| 040 | _cMN-ULPAL | ||
| 084 |
_a67.412 _bА486 |
||
| 100 | 0 |
_aАлтангэрэл, Тайванхүүгийн. _eзохиогч _916410 |
|
| 245 | 1 | _aМонгол улс ба гадаадын хөрөнгө оруулагчийн эрх, үүргийн тэнцвэрийг хангах нь | |
| 260 |
_aУлаанбаатар _b"Хөх судар принтинг" ХХК _c2025 |
||
| 300 |
_a258 хуудастай _c24 см |
||
| 336 |
_2rdacontent _atext _btxt |
||
| 337 |
_ardamedia _bunmediated |
||
| 338 |
_avolume _brdacarrier |
||
| 504 | _aНом зүй (хуудас 245-256) | ||
| 520 | _aХөрөнгө оруулалтын олон улсын болон дотоодын эрх зүйн өнөөгийн чиг хандлага, тулгамдсан асуудлын хүрээнд гадаадын хөрөнгө оруулагч болон төр хоорондын эрх үүргийн харьцуулалт, гадаадын хөрөнгө оруулалт ба нийгмийн болон байгаль орчны харилцан хамаарлыг харгалзсан тэнцвэртэй эрх зүйн орчныг хангах шаардлага, боломж, хүрэх арга замыг судлахыг зорьжээ. | ||
| 650 | 4 |
_aолон улсын эрх зүй _xгадаадын хөрөнгө оруулалтын эрх зүй _zМонгол _zЕвропын холбоо _zКазакстан _916411 |
|
| 650 | 4 |
_aарбитрын эрх зүй _912107 |
|
| 942 |
_2ББК _cBK _n0 |
||
| 999 |
_c32440 _d32440 |
||